000 00558nam a2200181Ia 4500
005 20250508150827.0
008 008 250505s9999 xx 000 0 eng d
037 _aBooks to be hide in OPAC
040 _aFEDL
_beng
_cFEDL
041 _aeng
_2eng
084 _a923.7, MAT/O
_qFEDL
100 _aMathur Vishwanath Sahai Ed.
_9629963
245 0 _aGandhiji as an educationist (A Symposium)
260 _aDelhi, India
_bMetropolitain Book Company Pvt. Ltd.
_c1951
300 _a108p.
942 _cHB
_h923.7, MAT/O
999 _c1325911
_d1325911